都道府県庁所在地に接しているか判定 - Statistics

General Stats
  • This quiz has been taken 6 times
  • The average score is 13 of 30
Answers on the Grid
Answers color-coded by a green-red scale on the quiz's grid according to % correct below.
小樽市
苫小牧市
弘前市
八戸市
花巻市
山形市
郡山市
長岡市
日立市
日光市
伊勢崎市
船橋市
川口市
川越市
町田市
相模原市
横須賀市
上田市
飯田市
富士市
豊田市
小牧市
大垣市
高岡市
大野市
四日市市
伊賀市
米原市
高槻市
枚方市
茨木市
吹田市
寝屋川市
生駒市
西宮市
津山市
真庭市
倉敷市
米子市
出雲市
福山市
東広島市
呉市
岩国市
下関市
丸亀市
鳴門市
阿南市
三好市
今治市
宇和島市
北九州市
飯塚市
太宰府市
久留米市
佐賀市
唐津市
佐世保市
大村市
阿蘇市
八代市
都城市
指宿市
沖縄市
 
Answer Stats
Answer % Correct
小樽市
80%
山形市
80%
西宮市
80%
倉敷市
80%
出雲市
80%
東広島市
80%
今治市
80%
吹田市
60%
花巻市
40%
長岡市
40%
伊勢崎市
40%
川口市
40%
町田市
40%
横須賀市
40%
上田市
40%
飯田市
40%
富士市
40%
大垣市
40%
大野市
40%
伊賀市
40%
生駒市
40%
津山市
40%
呉市
40%
都城市
40%
指宿市
40%
高槻市
20%
佐賀市
20%
日光市
0%
川越市
0%
唐津市
0%
No matching quizzes found
Score Distribution
Percent of People with Each Score
Percentile by Number Answered
Your Score History
You have not taken this quiz